Recent progress in hormone research /
Guardado en:
| Autor Corporativo: | |
|---|---|
| Formato: | Revista |
| Idioma: | English |
| Publicado: |
New York :
Academic Press,
1947.
|
| Etiquetas: |
Agregar Etiqueta
Sin Etiquetas, Sea el primero en etiquetar este registro!
|
| LEADER | 00447nas a2200157 4500 | ||
|---|---|---|---|
| 001 | CARPC.004148 | ||
| 005 | 20080606161601.0 | ||
| 008 | 050524u1947####xxua|#p#######0###a0eng|| | ||
| 210 | 0 | |a Recent prog. hormone res. | |
| 245 | 0 | 0 | |a Recent progress in hormone research / |c Academic Press. |
| 260 | |a New York : |b Academic Press, |c 1947. | ||
| 310 | |a Anual. | ||
| 362 | 0 | |a Vol. 1(1947). | |
| 710 | 2 | |a Academic Press | |
| 866 | |9 EUN |a 1947-1961 1-17 |s 574.19 P652-1 | ||
